<?xml version="1.0" encoding="UTF-8"?><?xml-stylesheet type="text/xsl" href="static/style.xsl"?><OAI-PMH xmlns="http://www.openarchives.org/OAI/2.0/" xmlns:xsi="http://www.w3.org/2001/XMLSchema-instance" xsi:schemaLocation="http://www.openarchives.org/OAI/2.0/ http://www.openarchives.org/OAI/2.0/OAI-PMH.xsd"><responseDate>2026-04-14T03:41:12Z</responseDate><request verb="GetRecord" identifier="oai:www.recercat.cat:10256/12425" metadataPrefix="marc">https://recercat.cat/oai/request</request><GetRecord><record><header><identifier>oai:recercat.cat:10256/12425</identifier><datestamp>2024-06-18T12:20:30Z</datestamp><setSpec>com_2072_452955</setSpec><setSpec>com_2072_2054</setSpec><setSpec>col_2072_453067</setSpec></header><metadata><record xmlns="http://www.loc.gov/MARC21/slim" xmlns:dcterms="http://purl.org/dc/terms/" xmlns:xsi="http://www.w3.org/2001/XMLSchema-instance" xmlns:doc="http://www.lyncode.com/xoai" xsi:schemaLocation="http://www.loc.gov/MARC21/slim http://www.loc.gov/standards/marcxml/schema/MARC21slim.xsd">
   <leader>00925njm 22002777a 4500</leader>
   <datafield ind2=" " ind1=" " tag="042">
      <subfield code="a">dc</subfield>
   </datafield>
   <datafield ind2=" " ind1=" " tag="720">
      <subfield code="a">Serrano Jiménez, Lluís</subfield>
      <subfield code="e">author</subfield>
   </datafield>
   <datafield ind2=" " ind1=" " tag="260">
      <subfield code="c">2010</subfield>
   </datafield>
   <datafield ind2=" " ind1=" " tag="520">
      <subfield code="a">At the end of the eighteenth century emerges&#xd;
the category of the self-proclaimed hisendats,&#xd;
a class of dominium utile proprietors or&#xd;
landowners of a certain economical and social&#xd;
potential. In this article, a post-morteminventory&#xd;
is analysed and transcribed. Not only its material&#xd;
affluence such as assets and real estate is&#xd;
evaluated and commented on, but it also&#xd;
approaches the cultural references and literary&#xd;
universes of an eighteenth century hisendat&#xd;
through an examination of the library inherited&#xd;
by Jaume Pont de Cabanes</subfield>
   </datafield>
   <datafield ind2=" " ind1=" " tag="520">
      <subfield code="a">A finals del segle XVIII emergeix la categoria&#xd;
dels autoanomenats hisendats, una classe de&#xd;
senyors útils o propietaris, de certa potència&#xd;
econòmica i social. En aquest treball s’analitza&#xd;
i es transcriu un inventari post mortem en el&#xd;
qual s’avalua i es comenta, no només la riquesa&#xd;
material, béns mobles i immobles; sinó que&#xd;
s’apropa, a través de la llibreria que hereta&#xd;
Jaume Pont de Cabanes, als referents culturals&#xd;
i universos de lectura dels hisendats del divuit</subfield>
   </datafield>
   <datafield ind1="8" ind2=" " tag="024">
      <subfield code="a">http://hdl.handle.net/10256/12425</subfield>
   </datafield>
   <datafield tag="653" ind2=" " ind1=" ">
      <subfield code="a">Cabanes (Catalunya) -- Història -- Aspectes econòmics</subfield>
   </datafield>
   <datafield tag="653" ind2=" " ind1=" ">
      <subfield code="a">Cabanes (Catalonia) -- History -- Economic aspects</subfield>
   </datafield>
   <datafield tag="653" ind2=" " ind1=" ">
      <subfield code="a">Terratinents -- Catalunya -- Cabanes</subfield>
   </datafield>
   <datafield tag="653" ind2=" " ind1=" ">
      <subfield code="a">Landowners -- Catalonia -- Cabanes</subfield>
   </datafield>
   <datafield tag="653" ind2=" " ind1=" ">
      <subfield code="a">Tinença de la terra -- Catalunya -- Cabanes</subfield>
   </datafield>
   <datafield tag="653" ind2=" " ind1=" ">
      <subfield code="a">Land tenure -- Catalonia -- Cabanes</subfield>
   </datafield>
   <datafield ind2="0" ind1="0" tag="245">
      <subfield code="a">Cabanes 1789: inventari i llibreria d’un hisendat</subfield>
   </datafield>
</record></metadata></record></GetRecord></OAI-PMH>